Smashing Pumpkins - Siamese Dream Songs - Statistics

General Stats
  • This quiz has been taken 20 times
  • The average score is 10 of 13
Answer Stats
Length Song % Correct
4:58 Cherub Rock
94%
5:49 Mayonaise
94%
4:06 Rocket
94%
3:17 Disarm
88%
3:19 Today
88%
6:57 Hummer
82%
8:43 Silverfuck
82%
3:20 Luna
76%
6:39 Soma
71%
5:13 Geek U.S.A.
65%
3:41 Quiet
65%
1:38 Sweet Sweet
59%
4:28 Spaceboy
53%
No matching quizzes found
Score Distribution
Percent of People with Each Score
Percentile by Number Answered
Your Score History
You have not taken this quiz